Investigación-acción-participativa: una metodología para el desarrollo de autoayuda /

Uloženo v:
Podrobná bibliografie
Hlavní autor: Krause, Mariana
Médium: Text
Témata:
Tagy: Přidat tag
Žádné tagy, Buďte první, kdo vytvoří štítek k tomuto záznamu!

MARC

LEADER 00000 a a2200000 04500
001 17473
003
040
100 |a Krause, Mariana  
245 |a Investigación-acción-participativa:   |b una metodología para el desarrollo de autoayuda /  |c Mariana Krause 
650 |a INVESTIGACION SOCIAL  
650 |a PARTICIPACION COMUNITARIA  
650 |a PSICOLOGIA SOCIAL  
650 |a COMPORTAMIENTO SOCIAL  
650 |a DINAMICA DE GRUPOS  
773 |g número 58; páginas 41-56  
999 |c 32393  |d 32393